SİHİRBAZ ÇIRAĞI (Record no. 744063)

MARC details
000 -LEADER
sabit uzunluktaki kontrol alanı 00248nam a2200097Ia 4500
001 - KONTROL NUMARASI
kontrol alanı 744063
005 - EN SON İŞLEMİN TARİH VE ZAMANI
kontrol alanı 20250826164251.0
008 - SABİT-UZUNLUKTA VERİ ÖĞELERİ--GENEL BİLGİ
sabit uzunluktaki kontrol alanı 250824s9999 xx 000 0 und d
245 #0 - ESER / YAZAR
ESER ADI SİHİRBAZ ÇIRAĞI
Yazar Adı AHMET BAKİ YERLİ
260 ## - YAYIN, DAĞITIM, VB.
YAYIN EVİ ACAYİP YAYINLARI
Holdings
Düşüm durumu Kayıp durumu Hasar Durumu Ödünç verilmez Ana kütüphane Geçerli Kütüphane Edinilen tarih Toplam ödünç verme sayısı Barkod Son görüntüleme tarihi Fiyatın geçerli olmaya başladığı tarih Koha materyal türü
        ŞEHİT ALİ DIĞRAK KÜTÜPHANESİ ŞEHİT ALİ DIĞRAK KÜTÜPHANESİ 24.08.2025   1024312 26.08.2025 26.08.2025 Books